Bringing sociology of law back into Pierre Bourdieu's sociology: Elements of Bourdieu's sociology of law and dispute transformation (Record no. 522616)

000 -LEADER
fixed length control field 01588nam a22001577a 4500
008 - FIXED-LENGTH DATA ELEMENTS--GENERAL INFORMATION
fixed length control field 230429b ||||| |||| 00| 0 eng d
100 ## - MAIN ENTRY--PERSONAL NAME
Personal name Olesen, Annette and Hammerslev, Ole
245 ## - TITLE STATEMENT
Title Bringing sociology of law back into Pierre Bourdieu's sociology: Elements of Bourdieu's sociology of law and dispute transformation
260 ## - PUBLICATION, DISTRIBUTION, ETC. (IMPRINT)
Place of publication, distribution, etc Social and Legal Studies
300 ## - PHYSICAL DESCRIPTION
Extent 32(2), Apr, 2023: p.177-196
520 ## - SUMMARY, ETC.
Summary, etc The academic response to Bourdieu's sociology of law has mainly followed his Weberian focus on the role of legal professionals in state transformations. However, rereading Bourdieu's “The Force of Law” through the lens of its references and relating it to the sociology of law “of the moment” (i.e. that of the 1980s), it becomes clear that Bourdieu's sociology of law is more sophisticated than has generally been acknowledged. In this article, we reread Bourdieu's article with a specific focus on the hitherto overlooked parts that elucidate dispute transformation. We unpack one of Bourdieu's most central sources, Felstiner et al. (1981), by rereading it in the light of Bourdieu's sociological tools. Emphasizing Bourdieu's implicit points about the pre-dispute phase accentuates how habitual dispositions and forms of capital have an impact on the possibilities available to citizens to transform a justiciable problem into a legal dispute. – Reproduced
650 ## - SUBJECT ADDED ENTRY--TOPICAL TERM
Topical term or geographic name as entry element Bourdieu, The force of law, Naming-blaming-calming, Feistier, Abel & Smart, Lawyers.
9 (RLIN) 38043
773 ## - HOST ITEM ENTRY
Main entry heading Social and Legal Studies
906 ## - LOCAL DATA ELEMENT F, LDF (RLIN)
Subject DIP LAWYERS
942 ## - ADDED ENTRY ELEMENTS (KOHA)
Item type Articles
Holdings
Withdrawn status Lost status Source of classification or shelving scheme Damaged status Not for loan Permanent location Current location Date acquired Serial Enumeration / chronology Barcode Date last seen Koha item type
          Indian Institute of Public Administration Indian Institute of Public Administration 2023-04-29 32(2), Apr, 2023: p.177-196 AR128714 2023-04-29 Articles

Powered by Koha